Sylvester and the magic pebble / (Record no. 106)

MARC details
000 -LEADER
fixed length control field 01331nam a22003497a 4500
001 - CONTROL NUMBER
control field 106
003 - CONTROL NUMBER IDENTIFIER
control field FISKH
005 - DATE AND TIME OF LATEST TRANSACTION
control field 20250728112853.0
008 - FIXED-LENGTH DATA ELEMENTS--GENERAL INFORMATION
fixed length control field 230227b cb ||||| |||| 00| 0 eng d
020 ## - INTERNATIONAL STANDARD BOOK NUMBER
International Standard Book Number 0590980661
040 ## - CATALOGING SOURCE
Original cataloging agency DLC
Transcribing agency DLC
Modifying agency DLC
-- FISKH
Language of cataloging eng
042 ## - AUTHENTICATION CODE
Authentication code lcac
050 00 - LIBRARY OF CONGRESS CALL NUMBER
Classification number PZ7.S8177
Item number Sy 2005
082 00 - DEWEY DECIMAL CLASSIFICATION NUMBER
Classification number 232
Edition number 22
100 1# - MAIN ENTRY--PERSONAL NAME
Personal name Steig, William,
Dates associated with a name 1907-2003.
245 10 - TITLE STATEMENT
Title Sylvester and the magic pebble /
Statement of responsibility, etc. by William Steig.
260 ## - PUBLICATION, DISTRIBUTION, ETC.
Place of publication, distribution, etc. New York :
Name of publisher, distributor, etc. Scholastic
Date of publication, distribution, etc. 1969
300 ## - PHYSICAL DESCRIPTION
Extent 15 leaves of plates
Other physical details col. ill. ;
Dimensions 29 cm.
505 ## - FORMATTED CONTENTS NOTE
Formatted contents note M
520 ## - SUMMARY, ETC.
Summary, etc. In a moment of fright, Sylvester the donkey asks his magic pebble to turn him into a rock but then can not hold the pebble to wish himself back to normal again.
521 1# - TARGET AUDIENCE NOTE
Target audience note 790 <br/>
Source Lexile
521 1# - TARGET AUDIENCE NOTE
Target audience note M
Source Raz-Plus
586 ## - AWARDS NOTE
Awards note Caldecott Medal, 1970.
650 #1 - SUBJECT ADDED ENTRY--TOPICAL TERM
Topical term or geographic name entry element Donkeys
Form subdivision Fiction.
650 #1 - SUBJECT ADDED ENTRY--TOPICAL TERM
Topical term or geographic name entry element Magic
Form subdivision Fiction.
650 #1 - SUBJECT ADDED ENTRY--TOPICAL TERM
Topical term or geographic name entry element Missing children
Form subdivision Fiction.
856 42 - ELECTRONIC LOCATION AND ACCESS
Materials specified Publisher description
Uniform Resource Identifier <a href="http://www.loc.gov/catdir/enhancements/fy0631/2004015445-d.html">http://www.loc.gov/catdir/enhancements/fy0631/2004015445-d.html</a>
856 42 - ELECTRONIC LOCATION AND ACCESS
Materials specified Contributor biographical information
Uniform Resource Identifier <a href="http://www.loc.gov/catdir/enhancements/fy1107/2004015445-b.html">http://www.loc.gov/catdir/enhancements/fy1107/2004015445-b.html</a>
906 ## - LOCAL DATA ELEMENT F, LDF (RLIN)
a 7
b cbc
c orignew
d 1
e ecip
f 20
g y-gencatlg
942 ## - ADDED ENTRY ELEMENTS (KOHA)
Source of classification or shelving scheme Dewey Decimal Classification
Koha item type Books
Suppress in OPAC No
Holdings
Withdrawn status Lost status Source of classification or shelving scheme Damaged status Not for loan Collection Home library Current library Shelving location Date acquired Total Checkouts Full call number Barcode Date last seen Date last checked out Copy number Price effective from Koha item type
    Dewey Decimal Classification     Fiction Footprints International School Library Network Toul Kork Campus Footprints International School Library Network Toul Kork Campus A TK Campus, 4th Floor, Room B401, Fiction Bookcases (1-6) 02/27/2023 1 STE 232 PZ7.S8177 FISBK06330 11/23/2023 11/16/2023 1 02/27/2023 Books
    Dewey Decimal Classification     Fiction Footprints International School Library Network Toul Kork Campus Footprints International School Library Network Toul Kork Campus A TK Campus, 4th Floor, Room B401, Fiction Bookcases (1-6) 02/27/2023 1 STE 232 PZ7.S8177 FISTK01993 09/28/2023 08/31/2023 2 02/27/2023 Books
    Dewey Decimal Classification     Fiction Footprints International School Library Network Toul Tom Poung Campus Footprints International School Library Network Toul Tom Poung Campus TTP Secondary Fiction Bookshelves 07/28/2025   STE 232 PZ7.S8177 FIS03837 07/28/2025   3 07/28/2025 Books